PETRONAS silk road adventure 2001, Istanbul-Putrajaya : experience the expedition

Bibliographic Details
Format: Book
Published: Kuala Lumpur : Petronas Motorsports , 2002
Subjects:

MARC

LEADER 00000cam a2200000 7i4500
001 0000002122
005 20021115.0
020 0 0 |a 983408580X 
090 0 0 |a 914.6918595   |b PET 2002 
245 0 0 |a PETRONAS silk road adventure 2001, Istanbul-Putrajaya :   |b experience the expedition 
260 0 0 |a Kuala Lumpur :   |b Petronas Motorsports ,   |c 2002 
300 |a 132 p. :   |b col. ill. ;   |c 26 cm. 
650 0 0 |a Automobile travel   |z Istanbul 
650 0 0 |a Automobile travel   |z Putrajaya 
651 0 0 |a Istanbul   |x Description and travel 
651 0 0 |a Putrajaya   |x Description and travel 
745 0 0 |a Petronas silk road adventure 2001, Istanbul-Putraja:hayati kegemilangan ekspedisi 
998 |a JPSM 
999 |a 0000003491   |b Monograph   |c Open Shelf   |e Default branch 
999 |a 0000003492   |b Monograph   |c Open Shelf   |e Default branch